000
00255nmm a2200085Ia 4500
008
220120s9999||||xx |||||||||||||||||und||
100
_a
PC QUEST - Professional
_9
11062
245
0
_a
wireless network management tools; Multimedia tools, hot uti
260
_c
2008
999
_c
139227
_d
139227